00925cam a22002531 4500001001300000003000400013005001700017008004100034010001700075035001900092040004900111042001200160050001600172082000800188100002900196245005000225260008200275300003100357490002900388500009900417504003100516651002900547810009500576pa 58000031 DLC20260227111854.0790829s1957 dcua b i000 0 eng c apa 58000031  a(OCoLC)5323388 aPan American Union. LibrarycOCldOCoLCdDLC apremarc00aHF3376b.M5 a3821 aMikesell, Raymond Frech.10aLiberalization of inter-Latin American trade. aWashington,bDept. of Economic and Social Affairs, Pan American Union,c1957. aiv, 94 p.btables.c28 cm.1 aEconomic research series aAt head of title: Inter-American Economic and Social Council. Organization of American States. aBibliographical footnotes. 0aLatin AmericaxCommerce.2 aPan American Union.bDepartment of Economic and Social Affairs.tEconomic research series.